Superleague Greece Top 4 - Statistics

General Stats
  • This quiz has been taken 3,090 times
  • The average score is 8 of 18
Answer Stats
Team % Correct
Olympiacos
98%
AEK Athens
96%
Panathinaikos
94%
PAOK
89%
Aris
68%
Asteras Tripoli
48%
OFI
48%
Larissa
47%
Atromitos
45%
Iraklis
36%
Panionios
36%
Skoda Xanthi
32%
Ethnikos Piraeus
22%
Panachaiki
17%
Apollon Smyrni
15%
Apollon Kalamarias
11%
Apollon Athens
8%
Proodeftiki
6%
No matching quizzes found
Score Distribution
Percent of People with Each Score
Percentile by Number Answered
Your Score History
You have not taken this quiz